000 02998nam0a2200457 4500
001 RU\NLR\BIBL_A\012555751
005 20250218162642.0
010 _a978-5-94614-479-7
_950
021 _aRU
_bКН-П-21-010421
_9КН-П-21-0833
035 _a(NLR Aleph) 012555751
035 _a(RuMoRGB)010579927
090 _a13304712
_c13304712
100 _a20210701d2020 k y0rusy50 ca
101 0 _arus
_deng
102 _aRU
105 _a |||z|||000zy
181 0 _ai3
_baxxe
182 0 _an
200 1 _aИсследование и разработка технологии обеспыливания карьерных автодорог и техногенных массивов профилактическими эмульсиями из тяжелых нефтяных остатков
_dResearch and development of technology for de-dusting career roads and technogenic massifs by preventive emulsions of heavy oil residues
_eмонография
_fД.Г. Неволин, Вл.Е. Кошкаров, В.Е. Кошкаров
_gФедеральное агентство железнодорожного транспорта, Уральский государственный университет путей сообщения
_zeng
203 _aТекст
_bвизуальный
_cнепосредственный
210 _aЕкатеринбург
_cУрГУПС
_d2020
215 _a186, [2] с.
_cил., табл.. цв. ил.
_d21
300 _aАвт. также на англ. яз.: D.G. Nevolin, Vl.E. Koshkarov, V.E. Koshkarov
300 _aНа 4-й с. обл. 1-й и 2-й авт.: Неволин Д.Г., д-р техн. наук, проф., д.чл. Рос. акад. транспорта, Кошкаров В.Е., канд. техн. наук
300 _aРез. англ.
320 _aБиблиогр.: с. 177-186 (125 назв.)
510 1 _6z92790
_aResearch and development of technology for de-dusting career roads and technogenic massifs by preventive emulsions of heavy oil residues
_zeng
606 1 _aКарьерные автомобильные дороги
_xОбеспыливание
_2nlr_sh1
_2nlr_sh2
_3RU\NLR\AUTH\66554265
606 1 _aОбогатительные фабрики
_xХвостохранилища
_xОбеспыливание
_2nlr_sh1
_2nlr_sh2
_3RU\NLR\AUTH\66810078
606 1 _aБитумы
_xПрименение для обеспыливания
_2nlr_sh2
_3RU\NLR\AUTH\6601751213
686 1 _aИ168.3
686 1 _aИ419
700 1 _aНеволин
_bД. Г.
_f1959-
_gДмитрий Германович
_3RU\NLR\AUTH\770181174
701 1 _aКошкаров
_bВ. Е.
_gВладимир Евгеньевич
701 1 _aКошкаров
_bВ. Е.
_gВасилий Евгеньевич
790 1 _6z92510
_aNevolin
_bD. G.
_f1959-
_gDmitrij Germanovič
_3RU\NLR\AUTH\770181175
942 _cBOOK
980 _aNBR
980 _aNB